[Event "EuTCh"]
[Site "Plovdiv BUL"]
[Date "2003.10.17"]
[Round "6"]
[White "Navara,D"]
[Black "Pelletier,Y"]
[Result "1/2-1/2"]
[WhiteElo "2607"]
[BlackElo "2604"]

1.e4 e6 2.d4 d5 3.Nd2 Be7 4.Bd3 c5 5.dxc5 Nf6 6.Qe2 O-O 7.Ngf3 a5 8.a4 Na6
9.e5 Nd7 10.Nd4 Ndxc5 11.Bxa6 Rxa6 12.N2f3 Ne4 13.O-O f6 14.c4 Qc7 15.cxd5 exd5
16.Bf4 Qc4 17.Qd1 Bd7 18.Rc1 Qxa4 19.Rc7 Qxd1 20.Rxd1 fxe5 21.Bxe5 Nc5 22.Nb3 Nxb3
23.Rxd7 Bf6 24.R1xd5 Rc6 25.h4 Nc5 26.Rc7 Bxe5 27.Rxc6 bxc6 28.Rxe5 Nd3 29.Rxa5 Nxb2
30.Ne5 Nd1 31.f3 Rc8 32.Rc5 Ne3 33.Kf2 Nf5 34.Nxc6 Rc7 35.g3 Nd4 36.Nxd4 Rxc5
37.g4 Kf7 38.Nf5 Rc7 39.h5 Ke6 40.Kg3 Ke5 41.f4+ Ke4 42.Nd6+ Kd5 43.Nf5 Ke4
44.Nd6+ Kd5 45.Nf5 Ra7 46.g5 Ke6 47.Kg4 Rd7 48.Ne3 Rd4 49.Nf5 Rd7 50.Ne3 Ra7
51.Nf5 Rb7 52.Nd4+ Kd5 53.Nf5 Ke6 54.Nd4+ Kf7 55.Nf5 Rb1 56.Kg3 Rf1 57.Kg4 Rh1
58.Nd4 Rd1 59.Nf5 Rg1+ 60.Kf3  1/2-1/2

[Event "EuTCh"]
[Site "Plovdiv BUL"]
[Date "2003.10.18"]
[Round "7"]
[White "Antoniou,A"]
[Black "Spice,A"]
[Result "1-0"]
[WhiteElo "2208"]
[BlackElo "2181"]

1.e4 e6 2.d4 d5 3.Nd2 Nc6 4.Ngf3 Nf6 5.e5 Nd7 6.Nb3 a5 7.a4 b6 8.Bb5 Ncb8
9.Ng5 h6 10.Nxe6 fxe6 11.Qh5+ Ke7 12.Bg5+ hxg5 13.Qxh8 Qe8 14.Be2 Qg6 15.O-O-O Ba6
16.Bg4 Nc6 17.h4 Bc4 18.Bh5 Qh6 19.Qxh6 gxh6 20.Nd2 Ba6 21.Nf3 Be2 22.Rd2 Bxf3
23.Bxf3 gxh4 24.Rxh4 Rc8 25.Be2 Ncb8 26.Kb1 c5 27.c3 Nc6 28.f4 Kf7 29.g4 Kg6
30.f5+ Kf7 31.fxe6+ Kxe6 32.g5 Be7 33.Bg4+ Kf7 34.e6+ Kg8 35.exd7 Rf8 36.Rxh6 Kg7
37.Rxc6  1-0

[Event "HSK IM"]
[Site "Hamburg GER"]
[Date "2003.10.19"]
[Round "9"]
[White "Murdzia,P"]
[Black "Langrock,H"]
[Result "1/2-1/2"]
[WhiteElo "2446"]
[BlackElo "2336"]

1.e4 e6 2.d4 d5 3.Nd2 Be7 4.Ngf3 Nf6 5.Bd3 c5 6.e5 Nfd7 7.c3 Nc6 8.a3 Qb6
9.O-O cxd4 10.cxd4 Nxd4 11.Nxd4 Qxd4 12.Nf3 Qb6 13.Qc2 Nc5 14.Be3 Qb3 15.Bxh7 Bd7
16.Nd4 Qxc2 17.Bxc2 Rc8 18.Rac1 O-O 19.f4 f6 20.b4 fxe5 21.fxe5 Rxf1+ 22.Kxf1 Ne4
23.Bxe4 Rxc1+ 24.Bxc1 dxe4 25.Kf2 Bd8  1/2-1/2

[Event "300 Years"]
[Site "St Petersburg RUS"]
[Date "2003.10.19"]
[Round "2"]
[White "Rusov,V"]
[Black "Pliasunov,A"]
[Result "0-1"]
[WhiteElo "2205"]
[BlackElo "2389"]

1.e4 e6 2.d4 d5 3.Nd2 Be7 4.Ngf3 Nf6 5.e5 Nfd7 6.c3 c5 7.Be2 Nc6 8.b3 a5
9.O-O Qb6 10.Nb1 h6 11.Be3 a4 12.Nbd2 axb3 13.axb3 Rxa1 14.Qxa1 cxd4 15.cxd4 O-O
16.Qa4 Nb4 17.Rc1 Nb8 18.Qb5 Qxb5 19.Bxb5 N8c6 20.Nb1 Bd7 21.Nc3 Ra8 22.g3 f6
23.Kg2 Be8 24.exf6 Bxf6 25.Na4 Bh5 26.Nc5 Kf7 27.Nxb7 Bxf3+ 28.Kxf3 Nxd4+
29.Bxd4 Bxd4 30.Rc7+ Kf6 31.Nd6 Ra2 32.Ne8+ Kg6 33.Be2 Rd2 34.Re7 Nc2 35.Rxe6+ Kf5
36.Nxg7+ Bxg7 37.Rc6  0-1

[Event "EuTCh"]
[Site "Plovdiv BUL"]
[Date "2003.10.20"]
[Round "9"]
[White "Volkmann,F"]
[Black "Gunnarsson,J"]
[Result "1/2-1/2"]
[WhiteElo "2452"]
[BlackElo "2419"]

1.e4 e6 2.d4 d5 3.Nd2 Be7 4.Bd3 c5 5.dxc5 Nf6 6.Qe2 Nc6 7.Ngf3 a5 8.O-O O-O
9.a4 Nb4 10.Nb3 Nxd3 11.cxd3 b6 12.e5  1/2-1/2

[Event "Ralston IM"]
[Site "San Francisco USA"]
[Date "2003.10.25"]
[Round "1"]
[White "Ho,M"]
[Black "Shivaji,S1"]
[Result "1/2-1/2"]
[WhiteElo "2176"]
[BlackElo "2281"]

1.e4 e6 2.d4 d5 3.Nd2 Be7 4.c3 c5 5.dxc5 Nf6 6.exd5 Qxd5 7.b4 O-O 8.Ngf3 a5
9.Bc4 Qc6 10.O-O b6 11.cxb6 axb4 12.cxb4 Bxb4 13.Qb3 Bc5 14.Rb1 Bb7 15.Bb2 Nbd7
16.Rfc1 Qxb6 17.Bxf6 gxf6 18.Qd3 Qc7 19.Bb5 Ne5 20.Qc3 Rfc8 21.Nxe5 Qxe5
22.Qxe5 fxe5  1/2-1/2

[Event "LXVIII ch-ESP Gp B"]
[Site "Burgos ESP"]
[Date "2003.10.26"]
[Round "3"]
[White "Arizmendi Martinez,J"]
[Black "Herraiz Hidalgo,H"]
[Result "1-0"]
[WhiteElo "2521"]
[BlackElo "2499"]

1.e4 e6 2.d4 d5 3.Nd2 Be7 4.e5 c5 5.Qg4 Kf8 6.dxc5 Nc6 7.Qg3 f6 8.Ngf3 Nh6
9.Bd3 Nf7 10.exf6 gxf6 11.c4 Nb4 12.Bb1 dxc4 13.O-O Qd5 14.Qh4 Nd3 15.Nxc4 f5
16.Bh6+ Ke8 17.Qh5 Rg8 18.Bxd3 Rg6 19.Be3 Qxd3 20.Nce5 Qe4 21.Nxg6 hxg6 22.Qxg6 Qg4
23.Qxf7+  1-0

[Event "CCAS Open"]
[Site "Cap d'Agde FRA"]
[Date "2003.10.27"]
[Round "6"]
[White "Petrossian,A"]
[Black "Kosten,A"]
[Result "1/2-1/2"]
[WhiteElo "2320"]
[BlackElo "2540"]

1.e4 e6 2.d4 d5 3.Nd2 Nc6 4.Ngf3 Nf6 5.e5 Nd7 6.Be2 Be7 7.Nf1 O-O 8.c3 f6
9.exf6 Nxf6 10.Ng3 Bd6 11.O-O e5 12.dxe5 Nxe5 13.Nxe5 Bxe5 14.Be3 Re8 15.Bf3 c6
16.Re1 Bd7 17.Bd4 Bxd4 18.Qxd4 Qb6 19.Qxb6 axb6 20.a3 Bg4 21.Bxg4 Nxg4 22.Nf5 Rad8
23.Ne3 Ne5 24.Rad1 b5 25.f4 Nf7 26.Ng4 Nd6 27.Rxe8+ Rxe8 28.Ne5 Ne4 29.g3 g5
30.Kg2 gxf4 31.gxf4 Kg7 32.Kf3 Kf6 33.Rg1 Nd2+ 34.Kf2 Re7 35.Rg8 Kf5 36.Rf8+ Ke4
37.Ke2 Nb3 38.Ng4 d4 39.cxd4 Nxd4+ 40.Kd2 Ne6 41.Rf6 Rd7+ 42.Kc2 Nd4+ 43.Kc3 Rd5
44.b4 Nf5 45.Rf7 Rd3+ 46.Kb2 Rf3 47.Rxh7 Kxf4 48.h3 Nd6 49.Ka2 Ke4 50.Re7+ Kd4
51.Rd7 Kd5 52.h4 Ke6 53.Rg7 Nc4 54.h5 Rxa3+ 55.Kb1 Rh3 56.h6 Ne5 57.Nxe5 Kxe5
58.h7 b6 59.Rb7 Kd5 60.Kb2 Rh6 61.Kc3 Kd6 62.Kb3 Rh3+ 63.Kc2 Kd5 64.Kb2 Rh2+
65.Kc3 Kd6 66.Kb3 Ke6 67.Rxb6 Kd5 68.Rb7 Rh3+ 69.Kb2 Kc4 70.Rc7 Rh2+ 71.Ka3 Rh3+
72.Kb2 Kxb4 73.Rxc6 Rxh7 74.Rc2 Rh3 75.Rg2 Ka4 76.Rg4+ b4 77.Rg2 Rh4 78.Rd2 Rc4
79.Rd8 Rc5 80.Ra8+ Kb5 81.Kb3  1/2-1/2

[Event "LXVIII ch-ESP Gp B"]
[Site "Burgos ESP"]
[Date "2003.10.28"]
[Round "5"]
[White "Gomez Esteban,J"]
[Black "Herraiz Hidalgo,H"]
[Result "1/2-1/2"]
[WhiteElo "2465"]
[BlackElo "2499"]

1.e4 e6 2.d4 d5 3.Nd2 Be7 4.Bd3 c5 5.dxc5 Nf6 6.Qe2 Nc6 7.Ngf3 a5 8.O-O O-O
9.c3 Nd7 10.exd5 exd5 11.Nb3 a4 12.Nbd4 Nxc5 13.Bc2 Re8 14.Be3 Bg4 15.h3 Bh5
16.Rad1 a3 17.Bxh7+ Kxh7 18.Ng5+ Bxg5 19.Qxh5+ Bh6 20.Nf5 Re5 21.Bxc5 Qf6
22.g4 axb2 23.a3 Ra5 24.Bf8 Kg8 25.Nxh6+ gxh6 26.Qxh6 Qxh6 27.Bxh6 Rxa3 28.Rd2 Rxc3
29.Kg2 Kh7 30.Bf4 Re4 31.Bd6 Rb3 32.Rb1 Na5 33.Rxd5 Nc4 34.Bc5 Rb5 35.Rd4 Rxc5
36.Rxe4 Nd2 37.Ree1 Nxb1 38.Rxb1 Rc2 39.Kg3 Kg6 40.h4 f6 41.f3 b5 42.Kf4 Rc4+  1/2-1/2

[Event "LXVIII ch-ESP Scheveningen"]
[Site "Burgos ESP"]
[Date "2003.10.29"]
[Round "1"]
[White "Fernandez Garcia,Jo"]
[Black "Arizmendi Martinez,J"]
[Result "0-1"]
[WhiteElo "2475"]
[BlackElo "2521"]

1.e4 e6 2.d4 d5 3.Nd2 Be7 4.Ngf3 Nf6 5.e5 Nfd7 6.c3 c5 7.Bd3 Nc6 8.O-O a5
9.Re1 cxd4 10.cxd4 g5 11.h3 h5 12.Nf1 g4 13.hxg4 hxg4 14.N3h2 Bb4 15.Re3 Qh4
16.Rg3 f5 17.exf6 Nxf6 18.Bf4 Ke7 19.Qc1 Rg8 20.a3 Bd6 21.Bxd6+ Kxd6 22.Qf4+ Ke7
23.Bb5 Bd7 24.Bxc6 bxc6 25.Nf3 Qh5 26.Ne5 Rh8 27.f3 Raf8 28.Re1 Ne4 29.Rxe4 Rxf4
30.Rxf4 Be8 31.Rgxg4 c5 32.Rg7+ Kd6 33.Nf7+ Bxf7 34.dxc5+ Ke7 35.Rfxf7+ Qxf7
36.Rxf7+ Kxf7 37.Ne3 Rb8 38.c6 Rxb2 39.Kh2 Rb1 40.c7  0-1

[Event "WYb14"]
[Site "Halkidiki GRE"]
[Date "2003.10.30"]
[Round "8"]
[White "Vachier Lagrave,M"]
[Black "Nepomniachtchi,I"]
[Result "1/2-1/2"]
[WhiteElo "2412"]
[BlackElo "2447"]

1.e4 e6 2.d4 d5 3.Nd2 Be7 4.Ngf3 Nf6 5.Bd3 c5 6.exd5 Nxd5 7.O-O cxd4 8.Nxd4 Nb4
9.Bb5+ Bd7 10.a3 Bxb5 11.Nxb5 Qd7 12.Nc3 Nd5 13.Nxd5 Qxd5 14.Nb3 Qc4 15.Qd4 Qxd4
16.Nxd4 a6 17.Bf4 Nd7 18.Rfd1 Rc8 19.Rd2 Nb6 20.b3 Bf6 21.c4 Rd8 22.Be3 Nd7
23.Rad1 Ne5 24.Nc2 Rxd2 25.Rxd2 Nd7 26.Bf4 Nc5 27.b4 Ne4 28.Rd3 O-O 29.f3 Nc3
30.Kf2 Rc8 31.Ne3 Rd8 32.Rxd8+ Bxd8 33.Be5 Na4 34.Ke2 Nb6 35.Kd3 f6 36.Bd6 Kf7
37.c5 Nc8 38.Bg3 Ke7 39.a4 Kd7 40.Kc4 Be7 41.b5 axb5+ 42.axb5 Bd8 43.Kb4 Be7
44.Kc4 Bd8 45.Kb4  1/2-1/2

[Event "WYg18"]
[Site "Halkidiki GRE"]
[Date "2003.10.30"]
[Round "8"]
[White "Solic,K"]
[Black "Hasanova,E"]
[Result "1-0"]
[WhiteElo "2146"]
[BlackElo "2214"]

1.e4 e6 2.d4 d5 3.Nd2 Be7 4.c3 c5 5.e5 Qb6 6.Ndf3 Bd7 7.Bd3 Bb5 8.Bxb5+ Qxb5
9.Ne2 Nc6 10.O-O Bd8 11.a4 Qb6 12.dxc5 Qxc5 13.Be3 Qa5 14.Ned4 Nxd4 15.Nxd4 Ne7
16.Nb5 O-O 17.Bc5 Qa6 18.Bxe7 Bxe7 19.Nc7 Qc6 20.Nxa8 Rxa8 21.Qg4 Rc8 22.Rad1 Qb6
23.Rxd5 Qxb2 24.Rd7 Bc5 25.Qf3 Rf8 26.Rxb7 Qa3 27.Qf4 Qxc3 28.Rc1 Qa3 29.Rc7 Bb6
30.Rc8 h6 31.R8c3 Qb2 32.R1c2 Qb1+ 33.Qc1 Qb4 34.Rc4 Qa5 35.Re4 Qd5 36.Re1 Qd4
37.Qa1 Qd5 38.Qd1 Qa5 39.Rce2 Rd8 40.Qc2 Rd4 41.Ra1 Qd5 42.h3 Rc4 43.Qd2 Rd4
44.Qe1 Rd3 45.Rb1 Rd4 46.Qc1 Rc4 47.Qa3 Rd4 48.Rc1 Rd3 49.Qb2 Bd4 50.Rc8+ Kh7
51.Qc2 g6 52.Qc7 Kg7 53.Qb8 h5 54.Rh8  1-0

[Event "WYb18"]
[Site "Halkidiki GRE"]
[Date "2003.11.01"]
[Round "10"]
[White "Husnutdinov,D"]
[Black "Porat,S"]
[Result "1/2-1/2"]
[WhiteElo "2400"]
[BlackElo "2360"]

1.e4 e6 2.d4 d5 3.Nd2 Be7 4.Bd3 Nc6 5.Ngf3 Nf6 6.e5 Nd7 7.O-O Nb4 8.Be2 c5
9.c3 Nc6 10.Re1 a5 11.Nf1 Qb6 12.Ng3 cxd4 13.cxd4 Bb4 14.Rf1 f6 15.Nh5 O-O
16.exf6 Nxf6 17.Nxf6+ gxf6 18.Bf4 Kh8 19.Qd3 Bd7 20.Rad1 Rg8 21.Bg3 a4 22.a3 Bf8
23.Rd2 Bh6 24.Rc2 Be8 25.Qb5 Qa7 26.Qc5 Bg6 27.Qxa7 Rxa7 28.Rc5 Raa8 29.Bb5 Rgc8
30.Bd6 Kg8 31.Rd1 Kf7 32.Kf1 Bh5 33.Rd3 Ne7 34.Rdc3 Rxc5 35.Rxc5 Nf5 36.Rc7+ Kg8
37.Bb4 Bxf3 38.gxf3 Nxd4 39.Bd7 Rb8 40.Bd6 Bf8 41.Bxf8 Kxf8 42.Bxa4 b5 43.Bd1 Kg8
44.f4 b4 45.a4 b3 46.a5 Ra8 47.Rc5 Kf8 48.f5 Ke7 49.fxe6 Kxe6 50.Ke1 Kd6
51.Rc3 Rxa5 52.Bxb3 Rb5 53.Bc2 h6 54.Bd1 Rxb2 55.Rh3 Ne6 56.Rxh6 Ke5 57.Rh3 d4
58.Rb3 Ra2 59.Rb5+ Ke4 60.Bb3 Ra1+ 61.Kd2 Nf4 62.Bc2+ d3  1/2-1/2

[Event "Masters"]
[Site "Rosny sous Bois FRA"]
[Date "2003.11.01"]
[Round "8"]
[White "Daurelle,H"]
[Black "Picard,R"]
[Result "1/2-1/2"]
[WhiteElo "2236"]
[BlackElo "2233"]

1.e4 e6 2.d4 d5 3.Nd2 Be7 4.Bd3 c5 5.dxc5 Nf6 6.Qe2 Nc6 7.Ngf3 Nb4 8.Nb3 O-O
9.Bg5 a5 10.O-O h6 11.Bxf6 Bxf6 12.e5 Be7 13.a4 b6 14.cxb6 Nxd3 15.cxd3 Qxb6
16.Nfd4 Ba6 17.Rfc1 Rfc8 18.Qd2 Bb4 19.Qe3 Rab8 20.h4 Be7 21.g3 Bd8 22.Rc3 Rxc3
23.bxc3 Qa7 24.Kg2 Bb6 25.Qd2 Qd7 26.Qc2 Rc8 27.h5 Qc7 28.Qe2 Qxc3 29.Rc1 Qb4
30.Rxc8+ Bxc8 31.Nc6 Qxb3 32.Ne7+ Kf8 33.Nxc8 Bc7 34.Qe3 Qc3 35.f4 Bxe5 36.Qxe5 Qxc8
37.f5 exf5 38.Qxd5 Qc2+ 39.Kh3 Qxa4 40.Qxf5 Qb3 41.Qc8+ Ke7 42.Qc7+ Ke6 43.Qc6+ Ke5
44.Qc7+ Ke6  1/2-1/2

[Event "TCh-BEL2 2003-4"]
[Site "Belgium BEL"]
[Date "2003.11.02"]
[Round "3"]
[White "Verhaegen,A"]
[Black "Ethelontis,A"]
[Result "0-1"]
[WhiteElo "2208"]
[BlackElo "2134"]

1.e4 e6 2.d4 d5 3.Nd2 Be7 4.Bd3 c5 5.c3 Nc6 6.Ngf3 Nf6 7.e5 Nd7 8.O-O g5
9.Kh1 h5 10.Bb5 g4 11.Ng1 cxd4 12.f4 Qb6 13.a4 a6 14.Be2 Nc5 15.cxd4 Nxd4
16.Nc4 Qb4 17.Qxd4 Nb3 18.Bd2 Nxd4 19.Bxb4 Bxb4 20.Nb6 Rb8 21.Rac1 Bd7 22.Rcd1 Nf5
23.Nxd7 Kxd7 24.Rd3 Bc5 25.Rc1 Be3 26.Rf1 Ba7 27.Bd1 Rbc8 28.Ne2 Ne3 29.Re1 Nxd1
30.Rexd1 Rc2 31.Rb3 Kc7 32.Rc1 Rxc1+ 33.Nxc1 Kb8 34.h3 Rc8 35.Ne2 Rc2 36.hxg4 hxg4
37.Ng3 Rc8 38.Nf1 Rc1 39.Kh2 Rxf1 40.Kg3 Rf2 41.a5 Rd2 42.Kxg4 Rxg2+ 43.Kf3 Rh2  0-1

[Event "1st GM"]
[Site "Nagykanizsa HUN"]
[Date "2003.11.05"]
[Round "1"]
[White "Balogh,C"]
[Black "Farago,I"]
[Result "0-1"]
[WhiteElo "2449"]
[BlackElo "2485"]

1.e4 e6 2.d4 d5 3.Nd2 Be7 4.e5 c5 5.Qg4 Kf8 6.dxc5 Nc6 7.Ndf3 f6 8.Bf4 Bxc5
9.Qg3 fxe5 10.Nxe5 Nf6 11.Nxc6 bxc6 12.Be5 Qb6 13.Bd3 Bxf2+ 14.Qxf2 Qxf2+
15.Kxf2 Ng4+ 16.Kg3 Nxe5 17.Nf3 Nxf3 18.gxf3 Ke7 19.f4 Kd6 20.Rhe1 Bd7 21.Re5 Raf8
22.Rg5 Rf7 23.h4 g6 24.h5 gxh5 25.Rh1 Rhf8 26.Rh4 Be8 27.Rgxh5 Rxf4 28.Rxf4 Rxf4
29.Rxh7 Rf7 30.Rh8 Re7 31.Kf2 c5 32.Rh6 Rf7+ 33.Ke3 Bc6 34.c3 d4+ 35.cxd4 Rf3+
36.Ke2 cxd4 37.b4 Rg3 38.b5 Bd5 39.a4 Rg2+ 40.Kd1 Bb3+ 41.Ke1 Ra2  0-1

[Event "1st Chesspangenberg Open"]
[Site "Buenos Aires ARG"]
[Date "2003.11.06"]
[Round "3"]
[White "Garcia,S"]
[Black "De Dovitiis,A"]
[Result "0-1"]
[WhiteElo "2144"]
[BlackElo "2368"]

1.e4 e6 2.d4 d5 3.Nd2 Nc6 4.Ngf3 Nf6 5.e5 Nd7 6.Bb5 a6 7.Bxc6 bxc6 8.Nb3 c5
9.Bg5 Be7 10.Na5 Nb8 11.Bxe7 Qxe7 12.c3 O-O 13.O-O Bd7 14.a4 c4 15.b3 cxb3
16.Qxb3 Nc6 17.Nxc6 Bxc6 18.Qb4 Qd7 19.Nd2 a5 20.Qa3 f6 21.f4 fxe5 22.fxe5 Rxf1+
23.Nxf1 Qf7 24.Qb2 Rf8 25.Qe2 Qe8 26.Qa2 Qg6 27.Qe2 h6 28.h3 Rb8 29.Ra2 Rb3
30.Qa6 Rxc3 31.Qxa5 Rc1 32.Rf2 Qd3 33.Qb4 Kh7 34.Rf3 Qc4 35.Qxc4 Rxc4 36.Rd3 Bxa4
37.Ne3 Rc1+ 38.Kf2 c5 39.dxc5 Rxc5 40.Rd4 Be8 41.Ke2 Bg6 42.g3 Be4 43.h4 Kg6
44.g4 Ra5 45.Nf1 Bc2 46.Nd2 h5 47.gxh5+ Kf5 48.Nf1 Kxe5 49.Rg4 Kf6 50.Rf4+ Bf5
51.Ne3 Ra2+ 52.Kf3 Ra3 53.Kf2 Ke5 54.Rb4 Be4 55.Nf1 Kf4 56.Rb7 Ra2+ 57.Ke1 Rg2
58.Rf7+ Bf5 59.Rd7 Rg4 60.Kf2 Rxh4 61.Rxg7 Rxh5 62.Rd7 Rh3 63.Rb7 d4 64.Rd7 e5
65.Rb7 Rh7 66.Rb8 e4 67.Rf8 e3+ 68.Ke1 Ra7  0-1

[Event "7th BayEM"]
[Site "Bad Wiessee GER"]
[Date "2003.11.08"]
[Round "1"]
[White "Chapman,Al"]
[Black "Hammes,M"]
[Result "0-1"]
[WhiteElo "2027"]
[BlackElo "2349"]

1.e4 e6 2.d4 d5 3.Nd2 Be7 4.Bd3 c5 5.c3 cxd4 6.cxd4 Nc6 7.Ngf3 dxe4 8.Nxe4 Nf6
9.O-O O-O 10.Be3 Nb4 11.Bb1 b6 12.a3 Nbd5 13.Ne5 Bb7 14.Ng5 h6 15.Nh3 Bd6
16.Qe2 Rc8 17.Ba2 Nxe3 18.Qxe3 Rc2 19.Nf4 Bxe5 20.dxe5 Nd5 21.Nxd5 Bxd5 22.Bxd5 Qxd5
23.Rfd1 Qb5 24.b4 Re2 25.Qd4 Qxe5 26.Qxe5 Rxe5 27.Rac1 a5 28.f4 Rb5 29.Rb1 Rc8
30.bxa5 Rxb1 31.Rxb1 bxa5 32.Rb5 Rc4 33.Rxa5 Rxf4 34.Ra8+ Kh7 35.a4 Kg6 36.a5 Ra4
37.Kf2 e5 38.h3 f5 39.a6 Kg5 40.a7 Kf4 41.Ke2 e4 42.Kd2 Ra2+ 43.Ke1 Ke3 44.Kd1 f4
45.Kc1 g5 46.Kd1 Kf2 47.Re8 Ra1+ 48.Kc2 Rxa7  0-1

[Event "TCh-AUT B Mitte 2003-4"]
[Site "St Veit AUT"]
[Date "2003.11.08"]
[Round "1"]
[White "Petschar,K"]
[Black "Seifert,V"]
[Result "0-1"]
[WhiteElo "2281"]
[BlackElo "2337"]

1.e4 e6 2.d4 d5 3.Nd2 a6 4.Ngf3 c5 5.exd5 exd5 6.Be2 c4 7.O-O Bd6 8.Re1 Ne7
9.Nf1 O-O 10.Bg5 Qc7 11.Ne3 Nbc6 12.Bh4 f5 13.Bxe7 Nxe7 14.b3 f4 15.Nxd5 Nxd5
16.Bxc4 Qc6 17.Ne5 Bxe5 18.Rxe5 Be6 19.Qf3 Rad8 20.Bd3 Bf7 21.c4 Nb4 22.Be4 Qd6
23.Rd1 Nc6  0-1

[Event "7th BayEM"]
[Site "Bad Wiessee GER"]
[Date "2003.11.10"]
[Round "3"]
[White "Sulskis,S"]
[Black "Giemsa,S"]
[Result "1-0"]
[WhiteElo "2586"]
[BlackElo "2290"]

1.e4 e6 2.d4 d5 3.Nd2 a6 4.Ngf3 c5 5.c3 Nc6 6.dxc5 Bxc5 7.exd5 exd5 8.Nb3 Ba7
9.Bd3 Qe7+ 10.Qe2 Bg4 11.O-O Qxe2 12.Bxe2 Nf6 13.Bg5 Ne4 14.Be3 Bxe3 15.fxe3 O-O
16.Rad1 Rad8 17.Bd3 Rfe8 18.Rfe1 Nf6 19.h3 Bc8 20.g4 Ne5 21.Nxe5 Rxe5 22.Nd4 Rde8
23.Kf2 h6 24.a4 h5 25.Nf3 R5e7 26.g5 Ne4+ 27.Kg2 Nd6 28.g6 Rxe3 29.gxf7+ Nxf7
30.Rxe3 Rxe3 31.Kf2 Re7 32.Bg6 Bxh3 33.Rxd5 Bg4 34.Ng5 Be6 35.Rd4 Kf8 36.Kg3 Bb3
37.Rf4 Kg8 38.Rd4 Kf8 39.c4 Bxa4 40.Bxf7 Rxf7 41.Nxf7 Kxf7 42.Kh4 g6 43.Rd6 Bc6
44.b4 Be4 45.Kg5 Ke7 46.c5 Bf5 47.Kf4 h4 48.Rb6 Bc8 49.Rxg6 h3 50.Ke5 Kf7
51.Rd6 Kg7 52.Rd2 Bg4 53.Rh2 Kg6 54.Kd6 Kg5 55.Kc7 Kh4 56.Kxb7 Kg3 57.Rxh3+ Bxh3
58.Kxa6 Bc8+ 59.Kb6 Kf4 60.b5 Ke5 61.Kc7 Kd5 62.c6  1-0

[Event "ch-UKR"]
[Site "Simferopol UKR"]
[Date "2003.11.11"]
[Round "8"]
[White "Arzumanian,G"]
[Black "Vysochin,S"]
[Result "1/2-1/2"]
[WhiteElo "2427"]
[BlackElo "2584"]

1.e4 e6 2.d4 d5 3.Nd2 Nc6 4.Ngf3 Nf6 5.e5 Nd7 6.c3 f6 7.Bb5 fxe5 8.dxe5 Be7
9.O-O O-O 10.Re1 a6 11.Bd3 Nc5 12.Bc2 a5 13.Nf1 b6 14.Ng3 Bb7 15.Nd4 Qe8
16.Qg4 Qf7 17.f3 Ne4 18.Nxc6 Bxc6 19.Nxe4 dxe4 20.Bxe4 Bc5+ 21.Be3 Bxe4 22.Qxe4 Bxe3+
23.Rxe3 Rad8 24.Rd3 Rxd3 25.Qxd3 Qe7 26.Rd1 Qc5+ 27.Kh1  1/2-1/2

[Event "ch-UKR w"]
[Site "Nikolaev UKR"]
[Date "2003.11.12"]
[Round "9"]
[White "Matseyko,K"]
[Black "Maiko,J"]
[Result "1-0"]
[WhiteElo "2195"]
[BlackElo "2178"]

1.e4 e6 2.d4 d5 3.Nd2 Nc6 4.Ngf3 Nf6 5.e5 Nd7 6.c3 f6 7.exf6 Qxf6 8.Be2 Bd6
9.Nf1 b6 10.Ng3 h6 11.O-O Bb7 12.a4 a5 13.Qc2 O-O 14.Bd3 Ne7 15.Re1 Rae8
16.b3 e5 17.Nh5 Qf7 18.dxe5 Nxe5 19.Nxe5 Qxh5 20.f4 Bc5+ 21.Be3 Bc8 22.Bxc5 bxc5
23.Bh7+ Kh8 24.Bg6 Nxg6 25.Nxg6+ Kg8 26.Nxf8 Rxf8 27.Qf2 Qg6 28.Qxc5 c6 29.Qxa5 Bh3
30.Ra2 Rxf4 31.Qc7 Rg4 32.g3 h5 33.Rf2 Re4 34.Rfe2 Rxe2 35.Rxe2 Qb1+ 36.Kf2 Qf5+
37.Qf4 Qb1 38.a5 Qxb3 39.Qd4 Qb7 40.Qe5 Bg4 41.Ra2 Qb3 42.Rd2 Qb5 43.h3 Qc5+
44.Qe3 Qf8+ 45.Kg2 Bf5 46.a6 Be4+ 47.Kh2 Qf1 48.Qg1 Qxa6 49.Rb2 Qd3 50.Qe1 Qf3
51.Rf2 Qd3 52.Ra2 Qf3 53.Re2 Qd3 54.Rb2 Qf3 55.Rf2 Qd3 56.Qc1  1-0

[Event "7th BayEM"]
[Site "Bad Wiessee GER"]
[Date "2003.11.13"]
[Round "6"]
[White "Heinz,A"]
[Black "Stimpel,F"]
[Result "1-0"]
[WhiteElo "2222"]
[BlackElo "2373"]

1.e4 e6 2.d4 d5 3.Nd2 Be7 4.Bd3 c5 5.dxc5 Nf6 6.Qe2 O-O 7.Ngf3 a5 8.O-O Na6
9.e5 Nd7 10.c3 Ndxc5 11.Bc2 f5 12.exf6 Bxf6 13.Ne5 Qe8 14.Nb3 Nd7 15.Ng4 a4
16.Nd4 Nac5 17.Nxf6+ Nxf6 18.Re1 b6 19.f3 Ra7 20.Bf4 Qd7 21.Be5 Re8 22.Qe3 Ba6
23.Rad1 Qf7 24.Qg5 Raa8 25.Qh4 Ncd7 26.Bxa4 b5 27.Bb3 Nxe5 28.Rxe5 Nd7 29.Rxe6  1-0

[Event "TCh-FIN 2003-4"]
[Site "Finland FIN"]
[Date "2003.11.16"]
[Round "5"]
[White "Salmensuu,O"]
[Black "Tuominen,R"]
[Result "1-0"]
[WhiteElo "2410"]
[BlackElo "2229"]

1.e4 e6 2.d4 d5 3.Nd2 a6 4.Ngf3 c5 5.exd5 exd5 6.Be2 Nc6 7.O-O Nf6 8.Re1 Be6
9.dxc5 Bxc5 10.Nb3 Ba7 11.Nfd4 O-O 12.Be3 Qd6 13.c3 Rac8 14.Bf3 Bb8 15.g3 Nxd4
16.Bxd4 Nd7 17.Qd2 Bc7 18.Qg5 g6 19.Nc5 Bd8 20.Qh6 Bf6 21.Nxd7 Bxd7 22.Bxf6 Qxf6
23.Bxd5 Rc5 24.Rad1 Bg4 25.Rd4 Bf5 26.Rh4 Qg7 27.Qxg7+ Kxg7 28.Bxb7 Rb8 29.Bxa6 Rxb2
30.Bc4 Rb7 31.Re3 Rbc7 32.Bb3 Rxc3 33.Rxc3 Rxc3 34.Rc4 Rd3 35.Bc2 Rd5 36.Bxf5 Rxf5
37.a4 Rd5 38.Kg2 Rd3 39.a5 Ra3 40.Rc5 h5 41.Kf1 Ra2 42.Ke1 Kh7 43.h4 Kg7
44.Kf1 Kh7 45.f4 Ra1+ 46.Ke2 Ra3 47.Kf2 Ra2+ 48.Ke3 Ra4 49.Kd3 Kg7 50.Kc3 Kf6
51.Kb3 Ra1 52.Kb4 Rb1+ 53.Kc4 Ke6 54.a6 Ra1 55.Kb5 Kd6 56.Rc4 Kd5 57.Ra4 Rb1+
58.Rb4 Re1 59.a7 Ra1 60.Ra4 Rb1+ 61.Ka6  1-0

[Event "British Rapidplay"]
[Site "Halifax ENG"]
[Date "2003.11.16"]
[Round "8"]
[White "Wells,P"]
[Black "Davies,N"]
[Result "1/2-1/2"]
[WhiteElo "2485"]
[BlackElo "2491"]

1.d4 e6 2.e4 d5 3.Nd2 Be7 4.c3 dxe4 5.Nxe4 Nd7 6.Nf3 Ngf6 7.Nxf6+ Nxf6 8.Bd3 O-O
9.Bg5 b6 10.Qc2 h6 11.Bxf6 Bxf6 12.Bh7+ Kh8 13.Be4 Rb8 14.h4 Bb7 15.g4 Bxe4
16.Qxe4 Qd5 17.Qxd5 exd5  1/2-1/2

[Event "TCh-SLO"]
[Site "Celje SLO"]
[Date "2003.11.18"]
[Round "3"]
[White "Justin,M"]
[Black "Farago,I"]
[Result "0-1"]
[WhiteElo "2379"]
[BlackElo "2485"]

1.e4 e6 2.d4 d5 3.Nd2 Be7 4.Ngf3 Nf6 5.Bd3 c5 6.dxc5 dxe4 7.Nxe4 Nxe4 8.Bxe4 Qxd1+
9.Kxd1 Bxc5 10.Ke2 Nd7 11.c3 Nf6 12.Bd3 Ke7 13.Bf4 Rd8 14.Rhd1 b6 15.b4 Bd6
16.Bxd6+ Rxd6 17.Bc4 Rc6 18.Kd3 Bb7 19.Ne5 Rc7 20.f3 Rac8 21.a4 Nd7  0-1

[Event "TCh-SLO"]
[Site "Celje SLO"]
[Date "2003.11.21"]
[Round "7"]
[White "Mihevc,I"]
[Black "Praznik,N"]
[Result "1/2-1/2"]
[WhiteElo "2220"]
[BlackElo "2276"]

1.e4 e6 2.d4 d5 3.Nd2 Nc6 4.Ngf3 Nf6 5.e5 Nd7 6.Be2 f6 7.exf6 Qxf6 8.Nf1 Bd6
9.Ne3 O-O 10.O-O Qg6 11.h3 Nf6 12.Kh1 Bd7 13.Bd3 Qh5 14.Be2 Qe8 15.b3 Ne4
16.Bb2 Ne7 17.Kg1 Ng6 18.Ng4 b6 19.Nge5 Bxe5 20.Nxe5 Nxe5 21.dxe5 Bb5 22.c4 dxc4
23.Qc2 Ng5 24.bxc4 Ba4 25.Qb1 Rd8 26.f4 Nf7 27.Bd3 h6 28.Rf3 Rd7 29.Qe1 Bc6
30.Re3 Nh8 31.Qg3 Bb7 32.Rf1 Re7 33.Qg4 c5 34.f5 exf5 35.Bxf5 g6 36.Bd3 Rxf1+
37.Bxf1 Bc8 38.Qh4 Kh7 39.Rf3 Rf7 40.Rf6 Rxf6 41.exf6 Qe3+  1/2-1/2

[Event "63rd ch-ITA"]
[Site "Arvier ITA"]
[Date "2003.11.25"]
[Round "1"]
[White "Mola,P"]
[Black "Contin,D"]
[Result "0-1"]
[WhiteElo "2317"]
[BlackElo "2377"]

1.e4 e6 2.d4 d5 3.Nd2 Be7 4.Ngf3 Nf6 5.e5 Nfd7 6.Bd3 b6 7.O-O Ba6 8.Bxa6 Nxa6
9.Qe2 Qc8 10.c4 dxc4 11.Nxc4 Qb7 12.Bg5 Bxg5 13.Nxg5 h6 14.Ne4 O-O 15.Qg4 Kh8
16.Rad1 Nb4 17.a3 Nd5 18.Rd3 Qc6 19.Rg3 Rg8 20.Ncd2 f5 21.exf6 N7xf6 22.Nxf6 Nxf6
23.Qg6 Qe8 24.Qc2 Nd5 25.Re1 Rf8 26.Nf3 Rf6 27.Ne5 Qh5 28.h3 Qf5 29.Qd2 Qf4
30.Qxf4 Nxf4 31.Rf3 Kg8 32.Ng4 Rf7 33.Rc3 Nd5 34.Rc6 Rf4 35.Rd1 Re4 36.Rd2 Rf8
37.f3 Re1+ 38.Kf2 Re4 39.Ne5 Rff4 40.Rxe6 Rxd4 41.Re2 a5 42.Nc6 Rd1 43.Re8+ Rf8
44.Rxf8+ Kxf8 45.Rc2 Nf4 46.Ne5 g5 47.Ke3 Re1+ 48.Kd4 c5+  0-1

[Event "7th Cup IM"]
[Site "Paks HUN"]
[Date "2003.11.25"]
[Round "7"]
[White "Zlatic,M"]
[Black "Sebestyen,Ba"]
[Result "0-1"]
[WhiteElo "2396"]
[BlackElo "2251"]

1.e4 e6 2.d4 d5 3.Nd2 Nc6 4.Ngf3 Nf6 5.e5 Nd7 6.Bd3 f6 7.exf6 Qxf6 8.O-O Nxd4
9.Nxd4 Qxd4 10.Re1 Nf6 11.Ne4 Bd7 12.Nd6+ Bxd6 13.Rxe6+ Kf8 14.Rxd6 cxd6
15.Qf3 Qg4 16.Qe3 Qd1+ 17.Bf1 Bb5  0-1

[Event "Open"]
[Site "Santo Domingo DOM"]
[Date "2003.11.29"]
[Round "3"]
[White "De la Paz,F"]
[Black "Socko,B"]
[Result "0-1"]
[WhiteElo "2427"]
[BlackElo "2547"]

1.e4 e6 2.d4 d5 3.Nd2 a6 4.Ngf3 c5 5.c3 Nc6 6.Bd3 cxd4 7.cxd4 dxe4 8.Nxe4 Be7
9.O-O Nf6 10.a3 O-O 11.Be3 Nd5 12.Rc1 Kh8 13.Bb1 f5 14.Nc5 Bf6 15.Re1 Nxe3
16.fxe3 Qd6 17.Qb3 Rb8 18.Red1 b6 19.Nd3 Ne7 20.Nde5 Bb7 21.Bd3 g5 22.Nc4 Qd8
23.Nce5 g4 24.Ne1 Nd5 25.Bc4 Bxe5 26.dxe5 Qg5 27.Bxd5 Bxd5 28.Qc3 f4 29.exf4 Qxf4
30.Nd3 Qe3+ 31.Kh1 Qh3 32.Ra1 Ra8  0-1

[Event "TCh-SWE 2003-4"]
[Site "Malmo SWE"]
[Date "2003.11.30"]
[Round "5"]
[White "Andersson,Bj1"]
[Black "Hall,Je"]
[Result "0-1"]
[WhiteElo "2330"]
[BlackElo "2487"]

1.e4 e6 2.d4 d5 3.Nd2 Nc6 4.Ngf3 Nf6 5.e5 Ng4 6.h3 Nh6 7.Be2 f6 8.Nf1 fxe5
9.Bxh6 gxh6 10.Nxe5 Nxe5 11.dxe5 Qg5 12.Qd4 Bd7 13.f4 Qxg2 14.Bh5+ Kd8 15.Rh2 Qg7
16.O-O-O c5 17.Qd2 Kc7 18.Ne3 Bc6 19.Rg2 Qd7 20.Ng4 Rg8 21.Rdg1 Qe7 22.Nf6 Rxg2
23.Qxg2 c4 24.Qf2 c3 25.Rg3 cxb2+ 26.Kxb2 a5 27.a3 b5 28.Kc1 b4 29.axb4 axb4
30.Ng8 Qd8 31.Qd4 Kb7 32.Bf7 Qd7 33.Bh5  0-1